Vai trò của công nghiệp-dịch vụ trong hiệu quả hoạt động nông nghiệp của các hộ gia đình nông thôn Việt Nam /
Bewaard in:
| Hoofdauteur: | |
|---|---|
| Andere auteurs: | , , , |
| Formaat: | Artikel |
| Taal: | Vietnamese |
| Onderwerpen: | |
| Tags: |
Voeg label toe
Geen labels, Wees de eerste die dit record labelt!
|
| Thư viện lưu trữ: | Thư viện Trường Đại học Đà Lạt |
|---|
| LEADER | 01003nam a2200301 4500 | ||
|---|---|---|---|
| 001 | DLU180187791 | ||
| 005 | ##20181011 | ||
| 040 | # | # | |a DLU |b vie |
| 041 | # | # | |a vie |
| 044 | # | # | |a vn |
| 100 | # | # | |a Nguyễn Thị Minh. |
| 245 | # | # | |a Vai trò của công nghiệp-dịch vụ trong hiệu quả hoạt động nông nghiệp của các hộ gia đình nông thôn Việt Nam / |c Nguyễn Thị Minh,...[và những người khác]. |
| 653 | # | # | |a Hộ gia đình nông thôn |
| 653 | # | # | |a Nông nghiệp |
| 700 | # | # | |a Lê Thị Anh. |
| 700 | # | # | |a Nguyễn Liên Hương. |
| 700 | # | # | |a Nguyễn văn Trượng. |
| 700 | # | # | |a Phùng Minh Đức |
| 773 | # | # | |t Kinh tế & Phát triển |g Số 224, 2016, tr. 23-30 |
| 920 | # | # | |a Phòng Tạp chí -- Trung tâm Thông tin - Thư viện Trường Đại học Đà Lạt |
| 994 | # | # | |a DLU |
| 900 | # | # | |a True |
| 911 | # | # | |a Nguyễn Thị Thu Phương |
| 925 | # | # | |a G |
| 926 | # | # | |a A |
| 927 | # | # | |a BB |
| 980 | # | # | |a Thư viện Trường Đại học Đà Lạt |